000 00731nam a2200193 a 4500
005 20220520063630.0
008 991125s1952 mx 000 0 spa u
035 _aUPN01000024719
049 _aLT
050 4 _aLB1648 M6.3
_b1952
100 1 _aMosqueira Roldán, Salvador
_929563
245 1 0 _aFísica elemental /
_cpor Salvador Mosqueira R. ; apéndice de Efrén Fierro
260 _aMéxico :
_bPatria,
_c1952
300 _a349 p., [3] h. de láms.,
500 _a"Para las escuelas de segunda enseñanza, de enseñanzas especiales y prevocacionales. Adaptada a los programas de la Secretaría de Educación Pública"
650 4 _aFísica
_xEstudio y enseñanza (Secundaria)
_98873
904 _aAC
_b024720
905 _aLibro
999 _c24719
_d24719